| 000 | 00388nam a22001457a 4500 | ||
|---|---|---|---|
| 003 | Macl | ||
| 005 | 20170328125948.0 | ||
| 008 | 170328b xxu||||| |||| 00| 0 eng d | ||
| 040 | _cMACL | ||
| 100 |
_aBan Dr.R.K. _966899 |
||
| 245 | _aFluid Mechanics And Hydraulic Machines | ||
| 260 |
_aNew Delhi _bLaxmi publication (P) Ltd _c2017 |
||
| 650 |
_a620/Engineering _966890 |
||
| 942 |
_2ddc _cBK |
||
| 999 |
_c56165 _d56165 |
||